| 000 | 00767nam a22002292 4500 | ||
|---|---|---|---|
| 001 | 0000024894 | ||
| 005 | 20151217152306.0 | ||
| 008 | 140324s xx 000 0 eng d | ||
| 020 | _a00771318679 : | ||
| 040 |
_aKABU _cKABU |
||
| 100 | 1 |
_aWhitbourne, Susan Krauss. _@0000185156 |
|
| 245 | 1 | 0 |
_aAbnormal psychology : _bclinical perspectives on psychological disorders / _cSusan Krauss Whitbourne, Richard P. Halgin. |
| 250 | _a7th ed. | ||
| 260 |
_aNew York : _bMcGraw-Hill, _c2013. |
||
| 300 | _axxiii, 398 p. | ||
| 650 | 0 |
_aPsychology, Pathological. _@0000155908 |
|
| 650 | 0 |
_aMental illness. _@0000185157 |
|
| 700 | 1 |
_aHalgin, Richard P. _@0000185158 |
|
| 852 | 1 | _9p3940 KES | |
| 908 | _a140324 | ||
| 950 | _@1 | ||
| 999 |
_c10408 _d10408 |
||